¡Adios a las FARC! Y ahora que? : (Registro nro. 1524)

Detalles MARC
000 -LEADER
fixed length control field 01397cam a2200337 i 4500
003 - CONTROL NUMBER IDENTIFIER
control field CO-CtgCURN
005 - DATE AND TIME OF LATEST TRANSACTION
control field 20250329164824.0
007 - PHYSICAL DESCRIPTION FIXED FIELD--GENERAL INFORMATION
fixed length control field ta
007 - PHYSICAL DESCRIPTION FIXED FIELD--GENERAL INFORMATION
fixed length control field ta
008 - FIXED-LENGTH DATA ELEMENTS--GENERAL INFORMATION
fixed length control field 160609s2016 ck abd fr 000 0 spa d
020 ## - INTERNATIONAL STANDARD BOOK NUMBER
International Standard Book Number 9789588931388
040 ## - CATALOGING SOURCE
Original cataloging agency CO-CtgCURN
Language of cataloging spa
Transcribing agency coctgcurn
043 ## - GEOGRAPHIC AREA CODE
Geographic area code s-ck---
082 04 - DEWEY DECIMAL CLASSIFICATION NUMBER
Classification number 322.4209861
Item number L864a
Edition information 21
100 1# - MAIN ENTRY--PERSONAL NAME
Personal name López Hernández, Claudia Nayibe,
Dates associated with a name 1970-
Relator term autor.
245 11 - TITLE STATEMENT
Title ¡Adios a las FARC! Y ahora que? :
Remainder of title construir ciudadania, Estado y mercado para unir las tres colombias /
Statement of responsibility, etc. Claudia López Hernández.
246 33 - VARYING FORM OF TITLE
Title proper/short title Construir ciudadania, Estado y mercado para unir las tres colombias
250 ## - EDITION STATEMENT
Edition statement Primera edicion.
260 ## - PUBLICATION, DISTRIBUTION, ETC.
Place of publication, distribution, etc. Bogotá :
Name of publisher, distributor, etc. Debate :
-- Penguin Random House Grupo Editorial,
Date of publication, distribution, etc. 2016.
300 ## - PHYSICAL DESCRIPTION
Extent 654 páginas :
Other physical details ilustraciones a blanco y negro, diagramas, mapas ;
Dimensions 23 cm.
336 ## - CONTENT TYPE
Source rdacontent
337 ## - MEDIA TYPE
Source rdamedia
Media type term sin mediacion
Media type code n
338 ## - CARRIER TYPE
Source rdacarrier
Carrier type term volumen
Carrier type code nc
500 ## - GENERAL NOTE
General note Incluye perfil academico del autor en la solapa del libro.
504 ## - BIBLIOGRAPHY, ETC. NOTE
Bibliography, etc. note Bibliografia : paginas [613]-654.
650 14 - SUBJECT ADDED ENTRY--TOPICAL TERM
Topical term or geographic name entry element Conflicto armado
General subdivision Historia
Geographic subdivision Colombia
Chronological subdivision 1960-2016.
Source of heading or term LEMB
650 14 - SUBJECT ADDED ENTRY--TOPICAL TERM
Topical term or geographic name entry element Proceso de paz
Geographic subdivision Colombia
Chronological subdivision 1960-2016.
Source of heading or term LEMB
651 #7 - SUBJECT ADDED ENTRY--GEOGRAPHIC NAME
Geographic name Colombia
General subdivision Política y gobierno,
Chronological subdivision 1960-2016.
Source of heading or term LEMB
852 ## - LOCATION
-- 45900
942 ## - ADDED ENTRY ELEMENTS (KOHA)
Koha item type Libros
Classification part 322.4209861
Item part L864a
Source of classification or shelving scheme Dewey Decimal Classification
Existencias
Withdrawn status Lost status Source of classification or shelving scheme Damaged status Not for loan Collection Home library Current library Shelving location Date acquired Inventory number Total checkouts Full call number Barcode Date last seen Price effective from Koha item type Public note
    Dewey Decimal Classification     General Miguel Henríquez Emiliani Miguel Henríquez Emiliani General 03/29/2025 017712   322.4209861 L864a 017712 03/29/2025 03/29/2025 Libros 320-CIENPO